000 002650000a22001330004500
003 MACL
040 _aMACL
090 _c38271
_d38269
100 _aMason, James
245 _aFraAngelico
260 _bT C & E C Jack
650 _aPainting
942 _cBOOK
_k759/MAS
999 _c37862
_d37862